00256nam a2200085Ia 4500008004100000100004500041245004700086260002900133300000800162201231s9999 xx 000 0 und d aFischer, Donald E. and Jordan, Ronald J. 0aSecurity Analysis and Portfolio Management aNew DelhibPrentice Hall a691